| 000 | 00720nam a22002177a 4500 | ||
|---|---|---|---|
| 003 | UA-OsUOA | ||
| 001 | 50767 | ||
| 007 | ta | ||
| 008 | 20071123b un ||||| |||| 00| 0 ukr d | ||
| 100 | _aКовтун Н.В. | ||
| 090 |
_a330(477) _bК-21 |
||
| 942 | _cSA | ||
| 040 |
_aUA-OsUOA _bukr _cUA-OsUOA _dUA-OsUOA |
||
| 245 | _aСучасні тенденції розвитку страхової діяльності в Україні: макроекономічний і регіональний аспекти | ||
| 300 | _aС.38-44 | ||
| 955 | _a0 | ||
| 041 | _aukr | ||
| 080 | _a330(477) | ||
| 773 | 0 |
_w50766 _tСтатистика України _dК. _d2007 _g3 |
|
| 650 | 7 |
_a330 Економіка взагалі _2UDC |
|
| 999 |
_c336861 _d336861 |
||